000 00884nac a22002657a 4500
001 BR7101092
003 BR-BrBNA
005 20240105113431.0
008 230509b bl.|||m| |||| 00| 0 por d
040 _aBR-BrBNA
_bpor
_cBiblioteca Nacional de Agricultura
072 _aF70
090 _a3290 BR7101092
100 1 _aVan den Berg, M.E.
110 1 _aMuseu Paraense Emilio Goeldi, Belem, PA (Brasil)
245 1 _aMatas sobre Visnia guianensis (Aubl.)choisy e suas novas variedades [lacre, Para, Brasil]
260 3 _aBelem, PA (Brasil):
_c1971.
300 _a17 p.
490 _aBoletim do Museu Paraense Emilio Goeldi. Nova Serie. Botanica (Brazil)
_vno. 40
_x
500 _a7 illus.; 10 ref.; Summary (En)
650 _aLACRE
650 _aVARIEDADE
650 _aDISTRIBUICAO GEOGRAFICA
909 _a202312
_bLúcia Elande
_c55
_dLúcia Elande
942 _2AGRIS
_n0
_cMS
999 _c263692
_d263692